| 000 | 01439nam0a2200349 4500 | ||
|---|---|---|---|
| 001 | RU\NLR\BIBL_A\022307418 | ||
| 005 | 20260420013819.0 | ||
| 010 |
_a978-5-4461-4156-2 _92000 |
||
| 021 |
_aRU _bКН-П-24-040532 _9КН-П-24-4018 |
||
| 035 | _a(NLR Aleph) 022307418 | ||
| 090 |
_a13663749 _c13663749 |
||
| 100 | _a20240826d2024 u y0rusy50 ca | ||
| 101 | 1 |
_arus _ceng |
|
| 102 | _aRU | ||
| 105 | _aa z 000ay | ||
| 181 | 0 |
_ai _bxxxe |
|
| 182 | 0 | _an | |
| 200 | 1 |
_aПока не остыл кофе _e[роман] _fТосикадзу Кавагути _g[перевел с английского И. Козин] |
|
| 203 |
_aТекст _bвизуальный _cнепосредственный |
||
| 210 |
_aСанкт-Петербург [и др.] _cПитер _d2024 |
||
| 215 |
_a254, [1] с. _cил. _d21 |
||
| 300 | _aВ конце кн. авт.: Тосикадзу Кавагути – драматург и театр. реж. | ||
| 300 | _aНа пер.: Мировой бестселлер. Книга переведена на 14 языков | ||
| 320 | _aДругие тр. авт. в конце кн. | ||
| 333 | _a16+ | ||
| 686 | 1 | _aШ6(5Я)67-440.4{Лх2318-45} | |
| 700 | 1 |
_7ca _8rus _aКавагути _bТ. _f1971- _gТосикадзу _9223264 _3RU\NLR\AUTH\770223320 |
|
| 942 | _cBOOK | ||
| 980 | _aNBR | ||
| 980 | _aNB | ||